MARC details
| 000 -LEADER |
| campo de control de longitud fija |
01769nam a2200481 i 4500 |
| 001 - NÚMERO DE CONTROL |
| campo de control |
MOR01000096633 |
| 003 - IDENTIFICADOR DE NÚMERO DE CONTROL |
| campo de control |
$$amxdfmo |
| 005 - FECHA Y HORA DE LA ÚLTIMA TRANSACCIÓN |
| campo de control |
20260331145938.0 |
| 007 - CAMPO FIJO DE DESCRIPCIÓN FÍSICA--INFORMACIÓN GENERAL |
| campo de control de longitud fija |
ta |
| 008 - DATOS DE LONGITUD FIJA--INFORMACIÓN GENERAL |
| campo de control de longitud fija |
130305s2011 njua g bi 000 0 eng d |
| 020 ## - NÚMERO INTERNACIONAL ESTÁNDAR DEL LIBRO |
| Número Internacional Estándar del Libro |
9780691152646 |
| 035 ## - NÚMERO DE CONTROL DEL SISTEMA |
| Número de control de sistema |
130339 |
| 040 ## - FUENTE DE CATALOGACIÓN |
| Centro catalogador/agencia de origen |
mxcmmo |
| Lengua de catalogación |
spa |
| Centro/agencia transcriptor |
mxcmmo |
| Normas de descripción |
rda |
| 041 0# - CÓDIGO DE IDIOMA |
| Código de lengua del texto/banda sonora o título independiente |
eng |
| 082 04 - NÚMERO DE LA CLASIFICACIÓN DECIMAL DEWEY |
| Número de clasificación |
338.5 |
| Número de ítem |
REI.t |
| 100 1# - ENTRADA PRINCIPAL--NOMBRE DE PERSONA |
| Nombre de persona |
Reinhart, Carmen M. |
| Término indicativo de función/relación |
autor |
| 9 (RLIN) |
168334 |
| 245 10 - MENCIÓN DEL TÍTULO |
| Título |
This time is different |
| Resto del título |
: eight centuries of financial folly/ |
| Mención de responsabilidad, etc. |
Carmen M. Reinhart, Kenneth S. Rogoff |
| 250 ## - MENCION DE EDICION |
| Mención de edición |
Thirteenth printing, and first paperback printing |
| 264 #1 - PRODUCCIÓN, PUBLICACIÓN, DISTRIBUCIÓN, FABRICACIÓN Y COPYRIGHT |
| Producción, publicación, distribución, fabricación y copyright |
Princeton, New Jersey: |
| Nombre del de productor, editor, distribuidor, fabricante |
Princeton University Press, |
| Fecha de producción, publicación, distribución, fabricación o copyright |
2011 |
| 264 #4 - PRODUCCIÓN, PUBLICACIÓN, DISTRIBUCIÓN, FABRICACIÓN Y COPYRIGHT |
| Producción, publicación, distribución, fabricación y copyright |
©2009 |
| 300 ## - DESCRIPCIÓN FÍSICA |
| Extensión |
xlv, 463 páginas: |
| Otras características físicas |
gráficas; |
| Dimensiones |
22 cm |
| 336 ## - TIPO DE CONTENIDO |
| Término de tipo de contenido |
texto |
| Código de tipo de contenido |
txt |
| Fuente |
rdacontent |
| 337 ## - TIPO DE MEDIO |
| Nombre/término del tipo de medio |
sin medio |
| Código del tipo de medio |
n |
| Fuente |
rdamedia |
| 338 ## - TIPO DE SOPORTE |
| Nombre/término del tipo de soporte |
volumen |
| Código del tipo de soporte |
nc |
| Fuente |
rdacarrier |
| 490 0# - MENCIÓN DE SERIE |
| Mención de serie |
Popular economics. Business |
| 500 ## - NOTA GENERAL |
| Nota general |
A la cabeza de la cubierta: New York Times Bestseller |
| 504 ## - NOTA DE BIBLIOGRAFÍA, ETC. |
| Nota de bibliografía, etc. Nota |
Incluye referencias bibliográficas (páginas [409]-433) e índice |
| 586 ## - NOTA DE PREMIOS |
| Nota de premios |
Ganador del premio TIAA-CREF Paul A. Samuelson 2010 |
| 650 #7 - PUNTO DE ACCESO ADICIONAL DE MATERIA--TÉRMINO DE MATERIA |
| Término de materia o nombre geográfico como elemento de entrada |
Ciclos económicos |
| Subdivisión general |
Estudio de casos |
| 9 (RLIN) |
168335 |
| 650 #7 - PUNTO DE ACCESO ADICIONAL DE MATERIA--TÉRMINO DE MATERIA |
| Término de materia o nombre geográfico como elemento de entrada |
Crisis financieras |
| Subdivisión general |
Estudio de casos |
| 9 (RLIN) |
168336 |
| 650 #7 - PUNTO DE ACCESO ADICIONAL DE MATERIA--TÉRMINO DE MATERIA |
| Término de materia o nombre geográfico como elemento de entrada |
Política fiscal |
| Subdivisión general |
Estudio de casos |
| 9 (RLIN) |
153364 |
| 700 1# - ENTRADA AGREGADA--NOMBRE PERSONAL |
| Nombre de persona |
Rogoff, Kenneth S. |
| Término indicativo de función/relación |
autor |
| 9 (RLIN) |
19564 |
| 900 ## - ELEMENTOS DE DATOS A LOCAL, LDA (RLIN) |
| Nombre de persona |
CATY |
| Numeración |
30 |
| Títulos y otros términos asociados al nombre |
20130307 |
| Lenguaje de la obra |
MOR01 |
| -- |
1209 |
| 900 ## - ELEMENTOS DE DATOS A LOCAL, LDA (RLIN) |
| Nombre de persona |
CATY |
| Numeración |
30 |
| Títulos y otros términos asociados al nombre |
20130307 |
| Lenguaje de la obra |
MOR01 |
| -- |
1225 |
| 900 ## - ELEMENTOS DE DATOS A LOCAL, LDA (RLIN) |
| Nombre de persona |
CATY |
| Numeración |
30 |
| Títulos y otros términos asociados al nombre |
20130307 |
| Lenguaje de la obra |
MOR01 |
| -- |
1307 |
| 900 ## - ELEMENTOS DE DATOS A LOCAL, LDA (RLIN) |
| Nombre de persona |
CATY |
| Numeración |
30 |
| Títulos y otros términos asociados al nombre |
20130308 |
| Lenguaje de la obra |
MOR01 |
| -- |
1054 |
| 900 ## - ELEMENTOS DE DATOS A LOCAL, LDA (RLIN) |
| Nombre de persona |
KLASY |
| Numeración |
30 |
| Títulos y otros términos asociados al nombre |
20130315 |
| Lenguaje de la obra |
MOR01 |
| -- |
1103 |
| 900 ## - ELEMENTOS DE DATOS A LOCAL, LDA (RLIN) |
| Nombre de persona |
LUIS |
| Numeración |
02 |
| Títulos y otros términos asociados al nombre |
20130305 |
| Lenguaje de la obra |
MOR01 |
| -- |
1151 |
| 900 ## - ELEMENTOS DE DATOS A LOCAL, LDA (RLIN) |
| Nombre de persona |
LUIS |
| Numeración |
02 |
| Títulos y otros términos asociados al nombre |
20130305 |
| Lenguaje de la obra |
MOR01 |
| -- |
1151 |
| 900 ## - ELEMENTOS DE DATOS A LOCAL, LDA (RLIN) |
| Nombre de persona |
VOBO |
| Numeración |
40 |
| Títulos y otros términos asociados al nombre |
20130319 |
| Lenguaje de la obra |
MOR01 |
| -- |
1523 |
| 904 ## - ELEMENTOS DE DATOS D LOCAL, LDD (RLIN) |
| a |
UPDATE |
| 942 ## - ELEMENTOS DE ENTRADA SECUNDARIOS (KOHA) |
| Código de la institución [OBSOLETO] |
BK |
| 901 ## - ELEMENTOS DE DATOS A LOCAL LDA (RLIN) |
| a |
batch batch |